• 首页
  • 本馆介绍
  • 公告通知
  • 最新文献
  • 馆藏检索
  • 电子资源
  • 读者导购
  • 参考咨询
  • 我的图书馆
  • 登录
  • 详细信息显示
  • 放入我的书架
  • 预约/预借图书
  • 作者相关作品
  • 分类相关作品
  • 丛书相关作品
  • 出版社相关作品

书目信息

  • 表格格式
  • 工作单格式
  • 卡片格式
题名:
(配图)古典戏剧基本解读
    
 
作者: ;北京师联教育科学研究所 编
分册: 5   救风尘·看钱奴·风筝误
出版信息: 北京   人民武警出版社  2002
页数: 342页
开本: 20cm
丛书名: 图书馆古典文学基本典藏
单 册:
中图分类: I237
科图分类:
主题词: 古代戏曲--剧本--中国--选集 , 古代戏曲--喜剧--剧本--中国--选集
电子资源:
ISBN: 7-80176-022-0
000 01065oam2 2200265 450
001 1562451155
005 20150124172926.45
010    @a7-80176-022-0@dCNY21.30
100    @a20021219d2002----em-y0chiy0110----ea
101 0  @achi
102    @aCN@b110000
105    @aa---z---000bd
200 1  @a(配图)古典戏剧基本解读@9( pei tu ) gu dian xi ju ji ben jie du@h5@h二@i救风尘·看钱奴·风筝误@f北京师联教育科学研究所编
210    @a北京@c人民武警出版社@d2002
215    @a342页@c插图@d20cm
225 2  @a图书馆古典文学基本典藏@e古典文学基本解读
330    @a本书选解中国古代喜剧《救风尘》、《看钱奴》、《风筝误》,每剧内容有剧情简介、剧作者小传、戏剧原文、白话故事。
461  0 @12001 @a图书馆古典文学基本典藏
512 1  @a古典戏剧基本解读@e十大悲喜剧@h9@i中国古代十大喜剧@h二@9gu dian xi ju ji ben jie du
606 0  @a古代戏曲@x剧本@y中国@j选集
606 0  @a古代戏曲@x喜剧@x剧本@y中国@j选集
690    @aI237@v5
711 02 @a北京师联教育科学研究所@9bei jing shi lian jiao yu ke xue yan jiu suo@4编
801  0 @aCN@bTSSF@c20150124
905    @aZUCC@dI207@eJY243:5
    
    (配图)古典戏剧基本解读.5.二.救风尘·看钱奴·风筝误/北京师联教育科学研究所编.-北京:人民武警出版社,2002
    342页:插图;20cm.-(图书馆古典文学基本典藏:古典文学基本解读)
    
    
    ISBN 7-80176-022-0:CNY21.30
    本书选解中国古代喜剧《救风尘》、《看钱奴》、《风筝误》,每剧内容有剧情简介、剧作者小传、戏剧原文、白话故事。
●
相关链接 在E读中查询图书 在五车中查询图书 在当当中查询图书 在豆瓣中查询图书


正题名:(配图)古典戏剧基本解读     索取号:I207/JY243:5         预约/预借

序号 登录号 条形码 馆藏地/架位号 状态 备注
1 7856616   278566160   学院路分馆/ [索取号:I207/JY243:5] 在馆    
2 7856617   278566179   学院路分馆/ [索取号:I207/JY243:5] 在馆    
3 7856618   278566188   学院路分馆/ [索取号:I207/JY243:5] 在馆    
唐山师范学院图书馆 欢迎您!
大连网信软件有限公司© 版权所有